| 000 | 00950nam a2200325 a 4500 | ||
|---|---|---|---|
| 001 | 000114554 | ||
| 003 | CHAP | ||
| 005 | 20220329144446.0 | ||
| 008 | 180302s1982 sp a |r| |||0|||spa d | ||
| 010 | _a111015 | ||
| 011 | _a111987 | ||
| 020 | _a84-205-0686-9 (vol. VI | ||
| 020 | _a8420506877 (obra completa) | ||
| 040 | _cCHAP | ||
| 082 | 0 | 4 |
_a510.76 _bI56 1982 |
| 245 | 0 | 0 |
_aIniciación al mundo científico, problemas de matemáticas / _cpor José M. Esteban ...[et al.]. |
| 250 | _a3 ed. | ||
| 260 |
_aMadrid : _bAlhambra, _c1982. |
||
| 300 |
_a140 p. : _bil. |
||
| 490 | 1 | _aProyecto MT-62 Alhambra | |
| 590 |
_aE11695DGD _b10 _c20180305 _lUCH01 _h1326 |
||
| 590 |
_aE6096MTM _b05 _c20180302 _lUCH01 _h1450 |
||
| 590 |
_aE6096MTM _b05 _c20180302 _lUCH01 _h1451 |
||
| 650 | 1 | 4 |
_aMatemáticas. _972901 |
| 700 | 1 |
_aEsteban, José M. _938284 |
|
| 830 | 0 |
_aProyecto MT-62 Alhambra _9134597 |
|
| 901 | _aBK | ||
| 942 | _cLIBRO | ||
| 942 | _n0 | ||
| 999 |
_c111015 _d111015 |
||